| 000 | 00679nam a2200193Ia 4500 | ||
|---|---|---|---|
| 008 | 220216s9999 xx 000 0 und d | ||
| 100 | _aJuan L | ||
| 245 | 0 | _aCalla lily intercropping in rubber tree plantations changes the nutrient content, microbial abundance, and enzyme activity of both rhizosphere and non-rhizosphere soil and call lilly growth | |
| 260 |
_bIndustrial Crops and Products _c2019 |
||
| 300 | _a344-351 | ||
| 500 | _aSource Year: 2019 | ||
| 650 | _aCalla lily | ||
| 650 | _aEnzyme activity | ||
| 650 | _aIntercropping | ||
| 700 | _aLijun Z | ||
| 700 | _aWeifu L | ||
| 856 | _udoi.org/10.1016/j.indcrop.2019.02.045 (bibli details only) | ||
| 942 | _cJS | ||
| 999 |
_c55044 _d55044 |
||